|
|
|
|
| LEADER |
01098nam a2200361 4500 |
| 001 |
DLU200194471 |
| 005 |
##20200204 |
| 008 |
##140521s2016 maua 001 0 eng |
| 010 |
# |
# |
|a 2014020063
|
| 020 |
# |
# |
|a 9780321978271
|
| 040 |
# |
# |
|a DLC
|b eng
|c DLC
|e rda
|d DLC
|
| 042 |
# |
# |
|a pcc
|
| 050 |
# |
# |
|a QA276.12
|b .G687 2016
|
| 082 |
# |
# |
|a 519.5
|b GO-R
|
| 100 |
# |
# |
|a Gould, Robert,
|d 1965-
|
| 245 |
# |
# |
|a Introductory statistics :
|b exploring the world through data /
|c Robert Gould, University of California, Los Angeles, Colleen Ryan, California Lutheran University.
|
| 250 |
# |
# |
|a 2nd edition.
|
| 300 |
# |
# |
|a xxiii, 705 pages, 46 variously numbered pages :
|b illustrations (some color) ;
|c 29 cm
|
| 500 |
# |
# |
|a Includes index.
|
| 650 |
# |
# |
|a Statistics
|v Textbooks.
|
| 700 |
# |
# |
|a Ryan, Colleen N.
|q (Colleen Nooter),
|d 1939-
|e author.
|
| 923 |
# |
# |
|a 07/2019
|
| 991 |
# |
# |
|a SH
|
| 992 |
# |
# |
|a 6814744
|
| 993 |
# |
# |
|a 2016
|
| 994 |
# |
# |
|a DLU
|
| 900 |
# |
# |
|a True
|
| 911 |
# |
# |
|a Nguyễn Thanh Hương
|
| 925 |
# |
# |
|a G
|
| 926 |
# |
# |
|a A
|
| 927 |
# |
# |
|a SH
|
| 980 |
# |
# |
|a Thư viện Trường Đại học Đà Lạt
|